| 000 | 00499 a2200193 4500 | ||
|---|---|---|---|
| 001 | 18319 | ||
| 999 |
_c18319 _d5023 |
||
| 003 | TR-AnTOB | ||
| 005 | 20190408213027.0 | ||
| 008 | 041102s1998 tu tur | ||
| 041 | _atur | ||
| 050 |
_aPS3557.R265 _bX18 1998 |
||
| 090 | _aPS3557.R265 X18 1998 | ||
| 100 |
_aGrant, Charles _910326 |
||
| 245 | 0 |
_aGoblinler: X- files / _cCharles Grant ; çev. Kerem Sanatel ; haz. Mustafa Hüpüşoğlu. |
|
| 264 | 1 |
_aAgate, _b, _c1998 |
|
| 300 |
_a243 p. ; _c20 cm. |
||
| 902 | _a0003461 | ||
| 942 | _cBK | ||